Режимы сжигания газа в пористом теле теплогенератора цилиндрической формы; Физика горения и взрыва; Т. 45, № 1
| Parent link: | Физика горения и взрыва.— , 1965- Т. 45, № 1.— 2009.— [С. 18-29] |
|---|---|
| المؤلف الرئيسي: | |
| مؤلفون آخرون: | |
| الملخص: | Заглавие с экрана Предложена и численно проанализирована стационарная модель фильтрационного сжигания газа с учетом условий на входе в пористое тело и условий теплообмена с газовой фазой, окружающей горелочное устройство, и с теплообменником. Определены области параметров, в которых реализуется режим горения газа с узкой реакционной зоной вблизи внешней поверхности пористого тела. Дана оценка механических напряжений, возникающих в пористом теле вследствие высоких значений градиента температуры и давления газа в порах. Построены зависимости скорости сжигания газа и радиационного потока тепла с поверхности горелки от технологических параметров. Режим доступа: по договору с организацией-держателем ресурса |
| اللغة: | الروسية |
| منشور في: |
2009
|
| الموضوعات: | |
| الوصول للمادة أونلاين: | http://elibrary.ru/item.asp?id=11932289 |
| التنسيق: | الكتروني فصل الكتاب |
| KOHA link: | https://koha.lib.tpu.ru/cgi-bin/koha/opac-detail.pl?biblionumber=637976 |
MARC
| LEADER | 00000naa0a2200000 4500 | ||
|---|---|---|---|
| 001 | 637976 | ||
| 005 | 20250124131733.0 | ||
| 035 | |a (RuTPU)RU\TPU\network\2177 | ||
| 090 | |a 637976 | ||
| 100 | |a 20141117d2009 k||y0rusy50 ca | ||
| 101 | 0 | |a rus | |
| 102 | |a RU | ||
| 135 | |a drcn ---uucaa | ||
| 181 | 0 | |a i | |
| 182 | 0 | |a b | |
| 200 | 1 | |a Режимы сжигания газа в пористом теле теплогенератора цилиндрической формы |f Ю. А. Чумаков, А. Г. Князева | |
| 203 | |a Текст |c электронный | ||
| 300 | |a Заглавие с экрана | ||
| 320 | |a [Библиогр.: с. 29 (33 назв.)] | ||
| 330 | |a Предложена и численно проанализирована стационарная модель фильтрационного сжигания газа с учетом условий на входе в пористое тело и условий теплообмена с газовой фазой, окружающей горелочное устройство, и с теплообменником. Определены области параметров, в которых реализуется режим горения газа с узкой реакционной зоной вблизи внешней поверхности пористого тела. Дана оценка механических напряжений, возникающих в пористом теле вследствие высоких значений градиента температуры и давления газа в порах. Построены зависимости скорости сжигания газа и радиационного потока тепла с поверхности горелки от технологических параметров. | ||
| 333 | |a Режим доступа: по договору с организацией-держателем ресурса | ||
| 461 | |t Физика горения и взрыва |d 1965- | ||
| 463 | |t Т. 45, № 1 |v [С. 18-29] |d 2009 | ||
| 610 | 1 | |a электронный ресурс | |
| 610 | 1 | |a труды учёных ТПУ | |
| 610 | 1 | |a пористые горелки | |
| 610 | 1 | |a сжигание | |
| 610 | 1 | |a газы | |
| 610 | 1 | |a радиационные потоки | |
| 610 | 1 | |a термические напряжения | |
| 700 | 1 | |a Чумаков |b Ю. А. |c научный сотрудник Томского политехнического университета, кандидат физико-математических наук |g Юрий Александрович |3 (RuTPU)RU\TPU\pers\32725 | |
| 701 | 1 | |a Князева |b А. Г. |c российский физик |c профессор Томского политехнического университета, доктор физико-математических наук |f 1962- |g Анна Георгиевна |3 (RuTPU)RU\TPU\pers\25578 |9 11508 | |
| 801 | 2 | |a RU |b 63413507 |c 20160517 |g RCR | |
| 856 | 4 | |u http://elibrary.ru/item.asp?id=11932289 | |
| 942 | |c CF | ||